01370cas a22003977a 450000500170000000800410001701000100005801100100006802200140007803500100009224500580010226000740016030000070023431000150024132100140025636200190027059000410028959000410033059000410037159000420041265000480045486600540050286600320055686600330058886600320062186600580065386600590071186600340077086600240080486600260082886600360085486600350089090100070092590500230093299900170095520220329142304.0000512c1983 mx qr pernn 0 b1spa d a81100 a82072 a0187-5779 a9255700aTerrac/por Sociedad Mexicana de la Ciencia del Suelo0 aChapingo, Méx. :bSociedad Mexicana de la Ciencia del Suelo,c1983- av. aTrimestral aSemestral av.16 n.2, 1998 aBATCH-UPDb10c20130110lUCH01h0548 aBATCH-UPDb10c20130410lUCH01h0229 aBATCH-UPDb10c20130914lUCH01h2039 aCONVERSIONb10c20130109lUCH01h134514aSuelosxPublicaciones periódicas.9110465 av. 16 n. 1 (Marzo 1998) - v. 16 n. 2 (Junio 1998) av. 16 n. 4 (Diciembre 1998) av. 19 n. 3 (Septiembre 2001) av. 20 n. 4 (Diciembre 2002) av. 21 n. 1 (Marzo 2003) - v. 21 n. 4 (Diciembre 2003) av. 22 n. 1 (Marzo 2004) - v. 22 n. 3 (Septiembre 2004) av.1 n.1-v.3 n.1 - (1983-1985) av.12 n.2-3 - (1994) av.13 n.1,3-4 - (1995) av.14 n.1-v.15 n.4 - (1996-1997) av.4 n.2-v.11 n.2 - (1986-1993) aSE aLilia Sánchez G. c81100d81100